Ideas fundamentales del arte prehispánico en México / (Record no. 185418)

MARC details
000 -LEADER
campo de control de longitud fija 00841nam a2200241 i 4500
001 - NÚMERO DE CONTROL
campo de control 185418
003 - IDENTIFICADOR DE NÚMERO DE CONTROL
campo de control SpMaBN
005 - FECHA Y HORA DE LA ÚLTIMA TRANSACCIÓN
campo de control 20250808040859.0
008 - DATOS DE LONGITUD FIJA--INFORMACIÓN GENERAL
campo de control de longitud fija 160601s1987 sp ao |||| | spa d
020 ## - NÚMERO INTERNACIONAL ESTÁNDAR DEL LIBRO
Número Internacional Estándar del Libro 84-206-7063-4
080 ## - NÚMERO DE LA CLASIFICACIÓN DECIMAL UNIVERSAL
Número de la Clasificación Decimal Universal 7.031.8(72)
100 1# - ENTRADA PRINCIPAL--NOMBRE DE PERSONA
Nombre de persona Westheim, Paul.
9 (RLIN) 116568
245 10 - MENCIÓN DEL TÍTULO
Título Ideas fundamentales del arte prehispánico en México /
Mención de responsabilidad, etc. Paul Westheim ; versión española de Marina [i.e. Mariana] Frenk.
260 ## - PUBLICACIÓN, DISTRIBUCIÓN, ETC.
Lugar de publicación, distribución, etc. Madrid :
Nombre del editor, distribuidor, etc. Alianza Editorial ;
Lugar de publicación, distribución, etc. México :
Nombre del editor, distribuidor, etc. Era,
Fecha de publicación, distribución, etc. [1987]
300 ## - DESCRIPCIÓN FÍSICA
Extensión 327 p. :
Otras características físicas il. col. y n., fot. ;
Dimensiones 23 cm.
490 1# - MENCIÓN DE SERIE
Mención de serie Alianza forma ;
Designación de volumen o secuencia 63
504 ## - NOTA DE BIBLIOGRAFÍA, ETC.
Nota de bibliografía, etc. Índices.
650 07 - PUNTO DE ACCESO ADICIONAL DE MATERIA--TÉRMINO DE MATERIA
Término de materia o nombre geográfico como elemento de entrada Arte precolombino-
Subdivisión geográfica México.
9 (RLIN) 10268
700 1# - ENTRADA AGREGADA--NOMBRE PERSONAL
Nombre de persona Frenk, Mariana.
9 (RLIN) 52509
830 00 - PUNTO DE ACCESO ADICIONAL DE SERIE-TÍTULO UNIFORME
Título uniforme Alianza forma
Designación de volumen o secuencia 63
9 (RLIN) 177869
852 ## - LOCALIZACIÓN
Ubicación ES-MaACL
Número de control de estantería L-30304
Nota libre . - Donat. Miguel A. Velasco
Holdings
Estatus retirado Estado de pérdida Estado de daño No para préstamo Biblioteca de origen Biblioteca actual Ubicación en estantería Fecha de adquisición Fuente de adquisición Total de préstamos Signatura topográfica completa Código de barras Visto por última vez Precio de reemplazo Tipo de ítem Koha
        Biblioteca del Ateneo de Madrid Biblioteca del Ateneo de Madrid Depósito 2 01/06/2016     L-30304 1195346 23/02/2023 23/02/2023 Libro impreso